Quel est ce Schtroumpf ? #1 - Facile - Clic Quiz - Statistiques

Statistiques générales
  • Ce quiz a été pris 220 fois
  • Le résultat moyen est 16 sur 20
Statistiques - réponses
Hint Réponse % Correct
Fronce les sourcils en permanence Schtroumpf Grognon
94%
Est le plus jeune Schtroumpf Bébé Schtroumpf
93%
A une fleur à son bonnet Schtroumpf Coquet
93%
Profite de la moindre occasion pour faire une sieste Schtroumpf Paresseux
92%
Trébuche souvent Schtroumpf Maladroit
91%
A une chemise à carreaux et travaille dans la forêt Schtroumpf Bûcheron
90%
Arbore des cheveux blonds Schtroumpfette
90%
Réussit à faire des fausses notes avec un tambour Schtroumpf Musicien
90%
Offre régulièrement des cadeaux Schtroumpf Farceur
89%
A une toque au lieu du bonnet habituel Schtroumpf Cuisinier
88%
A souvent une plume à la main Schtroumpf Poète
86%
A un tatouage en forme de cœur Schtroumpf Costaud
85%
Porte une écharpe Schtroumpf Frileux
85%
Amène régulièrement le mauvais objet au Grand Schtroumpf Schtroumpf Bêta
81%
Mâchouille un brin de blé Schtroumpf Paysan
79%
A une veste rouge et est très créatif Schtroumpf Peintre
72%
Est aussi appelé 'Schtroumpf moralisateur' Schtroumpf à lunettes
68%
Fait des expériences dans son laboratoire Grand Schtroumpf
61%
A une tenue bleue foncée Schtroumpf Bricoleur
60%
A souvent des feuilles de salsepareille dans ses poches Schtroumpf Gourmand
60%
Aucun quiz correspondant
Distribution des résultats
% des personnes avec chaque résultat
Percentile par nombre de réponses
Votre historique - résultats
Vous n’avez pas pris ce quiz